ARRUPE JESUIT UNIVERSITY

CORONAVIRUS -STOP THE SPREAD - CLEAN,DISINFECT,COVER

Concepts and principles in the space-time theory within einstein's special theory of reality (Record no. 122870)

MARC details
000 -LEADER
fixed length control field 00562nam a22001577a 4500
008 - FIXED-LENGTH DATA ELEMENTS--GENERAL INFORMATION
fixed length control field 150601b xxu||||| |||| 00| 0 eng d
050 ## - LIBRARY OF CONGRESS CALL NUMBER
Classification number QC173.59.S65T6
100 ## - MAIN ENTRY--PERSONAL NAME
Personal name Tornebohm, Hakan
9 (RLIN) 17943
245 ## - TITLE STATEMENT
Title Concepts and principles in the space-time theory within einstein's special theory of reality
Statement of responsibility, etc /by Hakan Tornebohm
260 ## - PUBLICATION, DISTRIBUTION, ETC. (IMPRINT)
Place of publication, distribution, etc Goteborg, Sweden
Date of publication, distribution, etc 1963
300 ## - PHYSICAL DESCRIPTION
Extent 98p. ;
Dimensions 24cm.
440 ## - SERIES STATEMENT/ADDED ENTRY--TITLE
Title Gothenburg studies in philosophy
Number of part/section of a work no. 2
9 (RLIN) 17944
650 ## - SUBJECT ADDED ENTRY--TOPICAL TERM
Topical term or geographic name as entry element Space and time
9 (RLIN) 2213
650 ## - SUBJECT ADDED ENTRY--TOPICAL TERM
Topical term or geographic name as entry element Realitivity (physics)
9 (RLIN) 17945
942 ## - ADDED ENTRY ELEMENTS (KOHA)
Source of classification or shelving scheme Library of Congress Classification
Item type Monograph ( Printed materials)
Holdings
Withdrawn status Lost status Source of classification or shelving scheme Damaged status Not for loan Collection code Home library Current library Shelving location Date acquired Total Checkouts Full call number Barcode Date last seen Price effective from Koha item type
    Library of Congress Classification     Main Collection ARRUPE LIBRARY ARRUPE LIBRARY Main Collection 01/06/2015   QC173.59.S65T6 46500003688 02/07/2019 01/06/2015 Monograph ( Printed materials)

 

Arrupe Library. PO Box MP320 Mt Pleasant, Harare, Zimbabwe
263 242 745411|librarian@aju.ac.zw